000 00662nam a2200229 a 4500
001 BRCA_6758
005 20190320205559.0
008 251011s1945----mx-#######---#000-0#spa-#
041 _aspa
044 _amx
050 4 _aPQ7297
_b.P27 B36
_c1945
100 1 _aPayno, Manuel
_d1810-1894
_916872
245 1 0 _aLos bandidos de río frío
_cManuel Payno; edición y prólogo de Antonio Castro Leal
260 _aMéxico
_bPorrúa
_c1945
300 _a5 v.
_c20 cm.
440 0 _aEscritores mexicanos
_v13-17
_916873
500 _aI124
650 1 4 _aLiteratura mexicana
_910506
700 1 _aCastro Leal, Antonio
_eEditor
_916874
902 _aGFM
942 _2lcc
_cB
999 _c6441
_d6441